Sto let odborů v peněžnictví

História a súčasnosť odborovej organizácie v československom a českom peňažníctve. Rozvoj po prvej svetovej vojne. Dokumenty odborovej organizácie. Zastúpení v zákonodárnych inštitúciách. Povojnové obdobie. Odbory ako súčasť demokratického systému. Aktuálne ciele a činnosť OSPPP. Bezplatné právne po...

Full description

Saved in:
Bibliographic Details
Main Author: Hinz, František
Format: Book Chapter
Language:Czech
Subjects:
Tags: Add Tag
No Tags, Be the first to tag this record!

MARC

LEADER 00000naa$a2200000$$$4500
001 0059088
005 20231010094650.1
041 0 |a cze 
044 |a CZ 
245 1 0 |a Sto let odborů v peněžnictví  |c František Hinz 
520 |a História a súčasnosť odborovej organizácie v československom a českom peňažníctve. Rozvoj po prvej svetovej vojne. Dokumenty odborovej organizácie. Zastúpení v zákonodárnych inštitúciách. Povojnové obdobie. Odbory ako súčasť demokratického systému. Aktuálne ciele a činnosť OSPPP. Bezplatné právne poradenstvo. Výhľad do budúcnosti. 
610 2 0 |a peňažníctvo 
610 2 0 |a história 
610 2 0 |a odbory 
610 2 0 |a demokracia 
610 2 0 |a poradenstvo 
610 2 0 |a ústavy finančné 
100 1 |a Hinz, František